[Event "New Delhi Parsvnath op 13th"]
[Site "New Delhi"]
[Date "2015.01.16"]
[Round "10"]
[White "Upadhyay, Rahul"]
[Black "Kiran, Manisha Mohanty"]
[Result "1/2-1/2"]
[WhiteElo "1942"]
[BlackElo "2206"]
[PlyCount "53"]
[EventDate "2015.01.09"]
[EventType "tourn"]
[EventRounds "10"]
[EventCountry "IND"]
[SourceTitle "CBM 164 Extra"]
[Source "ChessBase"]
[SourceDate "2015.03.02"]
[SourceVersion "1"]
[SourceVersionDate "2015.03.02"]
[SourceQuality "1"]

1. Nf3 Nf6 2. g3 g6 3. Bg2 Bg7 4. 0-0 0-0 5. d3 d5 6. Nbd2 c5 7. e4 Nc6 8. Re1 e5 9. exd5 Nxd5 10. c3 h6 11. Nc4 Re8 12. Qb3 Nb6 13. Be3 Be6 14. Nfd2 Qxd3 15. Bf1 Qd8 16. Qb5 Bf8 17. Bxc5 Nxc4 18. Nxc4 Qd5 19. b4 Bxc5 20. bxc5 Red8 21. Nd6 Rab8 22. Bg2 Qd2 23. Nxb7 Ne7 24. Qa5 Rdc8 25. Red1 Qc2 26. Rac1 Qe2 27. Re1 1/2-1/2

[Event "IND-chT"]
[Site "Gurgaon"]
[Date "2010.02.21"]
[Round "1"]
[White "Laxman, Rajaram"]
[Black "Upadhyay, Rahul"]
[Result "1/2-1/2"]
[WhiteElo "2503"]
[BlackElo "2148"]
[PlyCount "86"]
[EventDate "2010.02.21"]
[EventType "team"]
[EventRounds "9"]
[EventCountry "IND"]
[SourceTitle "CBM 135 Extra"]
[Source "ChessBase"]
[SourceDate "2010.05.04"]
[SourceVersion "1"]
[SourceVersionDate "2010.05.04"]
[SourceQuality "1"]

1. Nf3 c5 2. c4 b6 3. e4 Bb7 4. Nc3 d6 5. d4 cxd4 6. Nxd4 Nf6 7. Bd3 Nc6 8. Bc2 Nxd4 9. Qxd4 Bc6 10. Bg5 e6 11. Nd5 exd5 12. exd5 Bd7 13. 0-0 Be7 14. Rfe1 Kf8 15. Bd2 Ne8 16. Qf4 Bf6 17. b3 Be5 18. Rxe5 dxe5 19. Bb4+ Kg8 20. Qxe5 Qf6 21. Qe3 Bf5 22. Re1 h6 23. Be7 Qg6 24. Bd1 Nd6 25. Qf4 Re8 26. Re3 Nc8 27. Bb4 Rxe3 28. Qxe3 Kh7 29. f3 Bd7 30. Kf2 Re8 31. Qd4 Nd6 32. g4 Kg8 33. Qf4 Qd3 34. Qd2 Qxd2+ 35. Bxd2 f5 36. Bf4 Nf7 37. h3 g5 38. Bc7 Ne5 39. Be2 Ng6 40. b4 Rc8 41. Bd6 Kf7 42. c5 fxg4 43. fxg4 bxc5 1/2-1/2

[Event "New Delhi Parsvnath op 7th"]
[Site "New Delhi"]
[Date "2009.01.15"]
[Round "6"]
[White "Upadhyay, Rahul"]
[Black "Prakash, GB."]
[Result "0-1"]
[WhiteElo "2132"]
[BlackElo "2397"]
[PlyCount "81"]
[EventDate "2009.01.11"]
[EventType "swiss"]
[EventRounds "10"]
[EventCountry "IND"]
[SourceTitle "CBM 128 Extra"]
[Source "ChessBase"]
[SourceDate "2009.03.05"]
[SourceVersion "2"]
[SourceVersionDate "2009.03.25"]
[SourceQuality "1"]

1. e4 c6 2. d4 d5 3. exd5 cxd5 4. c4 Nf6 5. Nc3 e6 6. Nf3 Bb4 7. Bd3 dxc4 8. Bxc4 0-0 9. 0-0 b6 10. Qe2 Bb7 11. Rd1 Nbd7 12. Bg5 Bxc3 13. bxc3 Qc7 14. Bd3 Qxc3 15. Rac1 Qa5 16. Ne5 Rac8 17. Qe3 Rfe8 18. Qg3 Qb4 19. Rb1 Qf8 20. Bb5 Nxe5 21. dxe5 Ne4 22. Qg4 Nc3 23. Bxe8 Rxe8 24. h4 Nxb1 25. Rxb1 Kh8 26. Rc1 h6 27. Bf4 Rc8 28. Rxc8 Qxc8 29. Qd1 Qc4 30. Qd2 Bd5 31. a3 Kg8 32. f3 b5 33. Qc1 Qa4 34. Bg3 a5 35. Qc3 b4 36. axb4 axb4 37. Qd4 Qa3 38. Be1 b3 39. Bc3 Qc1+ 40. Kh2 Qc2 41. Bb2 0-1